Statistiken für Hauptstädte am nächsten nach Madrid

Klicken Sie hier um das Quiz zu spielen!

Allgemein

  • Dieses Quiz wurde 185 mal gespielt
  • Das Durchschnittsergebnis liegt bei 17 aus 20

Antworten auf der Karte

Die Antworten werden auf der Karte rot bzw. grün angezeigt, abhängig davon wie oft sie richtig erraten wurden.
 

Antwortstatistiken

kmcapital% Korrekt
503Lissabon
99%
1363Rom
97%
1053Paris
95%
1265London
94%
1153Bern
93%
1319Brüssel
93%
1483Amsterdam
92%
1453Dublin
88%
1281Luxemburg
83%
771Rabat
83%
1297Vaduz
82%
719Algier
81%
991Monaco
81%
1271Tunis
81%
1385San Marino
78%
494Andorra la
Vella
72%
1702Zagreb
69%
1600Ljubljana
67%
1362Vatikanstadt
67%
1668Valletta
61%

Verteilung der Resultate

Perzentil nach korrekt beantworteten Fragen

Anzahl Personen mit jedem Resultat

Ihre Resultats-Entwicklung

Sie haben dieses Quiz noch nicht gespielt